[Event "TCh-CHN"]
[Site "Guangzhou CHN"]
[Date "2010.09.12"]
[Round "12"]
[White "Wen Yang"]
[Black "Yu Ruiyuan"]
[Result "1-0"]
[WhiteElo "2520"]
[BlackElo "2309"]

1.d4 d5 2.c4 c6 3.Nf3 Nf6 4.Qc2 dxc4 5.Qxc4 Bf5 6.g3 e6 7.Bg2 Nbd7 8.O-O Be7
9.e3 O-O 10.Rd1 Qc7 11.Nc3 e5 12.h3 Rad8 13.Qe2 Bb4 14.e4 Bxc3 15.exf5 Bxd4
16.Nxd4 exd4 17.Rxd4 Rfe8 18.Be3 Nb6 19.Qc2 Nfd5 20.Bg5 f6 21.Bd2 c5 22.Re4 Rxe4
23.Qxe4 Qe7 24.Qf3 Qd7 25.Ba5 Rb8 26.Rc1 Qb5 27.Qa3 c4 28.Bxb6 Nxb6 29.Qxa7 Re8
30.b3 cxb3 31.axb3 Re7 32.Qb8+ Kf7 33.Rc7 Qxb3 34.Rxe7+ Kxe7 35.Qxb7+ Kd6
36.Qc6+ Ke7 37.Qc5+ Kf7 38.Qc7+ Kf8 39.Qd8+ Kf7 40.Bc6 g6 41.Be8+ Kg7 42.fxg6  1-0

[Event "Open"]
[Site "Livigno ITA"]
[Date "2010.09.13"]
[Round "4"]
[White "Cocchi,A"]
[Black "Kantorik,M"]
[Result "1-0"]
[WhiteElo "2266"]
[BlackElo "2379"]

1.Nf3 Nf6 2.c4 c6 3.d4 d5 4.Qc2 a6 5.e3 g6 6.Bd3 Bg7 7.O-O O-O 8.Nbd2 Nbd7
9.b3 b6 10.e4 dxe4 11.Nxe4 Bb7 12.Bb2 Qc7 13.Rfe1 Rfe8 14.Neg5 Ng4 15.h3 Nh6
16.Ne5 Nf8 17.Nef3 Rad8 18.Re2 Bc8 19.Rae1 Nf5 20.Bxf5 Bxf5 21.Qc1 h6 22.Ne4 g5
23.Ng3 Bg6 24.h4 f6 25.hxg5 hxg5 26.Ba3 Rd7 27.Ne4 Bh5 28.Ng3 Bg6 29.Ne4 g4
30.Nh4 Rxd4 31.Ng3 c5 32.Nhf5 Rd7 33.Nh6+ Kh7 34.Nxg4 e5 35.Bb2 Ne6 36.Ne4 Qd8
37.Nexf6+ Kh8 38.Nxd7 Qxd7 39.Nxe5  1-0

[Event "WCh w Blitz Quarter-Final"]
[Site "Moscow RUS"]
[Date "2010.09.14"]
[Round "9"]
[White "Fominykh,M"]
[Black "Mirzoeva,E"]
[Result "1-0"]
[WhiteElo "2305"]
[BlackElo "2239"]

1.d4 d5 2.c4 c6 3.Nf3 Nf6 4.g3 Bf5 5.Nc3 e6 6.Bg2 Bd6 7.O-O h6 8.Qb3 Qb6
9.c5 Qxb3 10.axb3 Bc7 11.b4 Na6 12.b5 Nb4 13.b6 Bb8 14.bxa7 Rxa7 15.Rxa7 Bxa7
16.Bf4 O-O 17.Ra1 Bb8 18.Bxb8 Rxb8 19.Ra7 Nd7 20.Ra4 Nc2 21.Nh4 Bh7 22.e4 g5
23.Nf3 dxe4 24.Nd2 f5 25.Nc4 b5 26.cxb6 Nxb6 27.Nxb6 Rxb6 28.Bf1 Rb4 29.Ra8+ Kg7
30.Ra7+ Kg6 31.Ne2 Nxd4 32.Nxd4 Rxd4 33.h4 Bg8 34.Rc7 Rd6 35.Rc8 Bf7 36.Rc7 e5
37.h5+ Kf6 38.Be2 g4 39.Kf1 Bxh5 40.Bc4 Bg6 41.Ke2 f4 42.b4 h5 43.Rc8 Kg5
44.Rg8 Kf6 45.Rc8 Kg7 46.Rc7+ Kh6 47.Rc8 Rd4 48.Rxc6 Kg5 49.Rc5 Bf5 50.Bf7 Kf6
51.Bc4 Rd6 52.b5 e3 53.gxf4 exf4 54.fxe3 f3+ 55.Kf2 Rd2+ 56.Kg3 Rg2+ 57.Kf4 f2
58.Rxf5+ Kg6 59.Rg5+ Kf6 60.Rf5+ Kg6 61.Rg5+ Kh6 62.Rf5 g3 63.Ke5 Rg1 64.Kf6 g2
65.Be2 Rh1 66.Rxf2 g1=Q 67.Rf5 Rh2 68.Bf3 Qxe3 69.Kf7 Rf2 70.Rxh5+  1-0

[Event "Open"]
[Site "Livigno ITA"]
[Date "2010.09.16"]
[Round "7"]
[White "Urosevic,G"]
[Black "Damia,A"]
[Result "1/2-1/2"]
[WhiteElo "2218"]
[BlackElo "2287"]

1.d4 d5 2.Nf3 Nf6 3.c4 c6 4.g3 Bf5 5.Nc3 e6 6.Bg2 Bd6 7.O-O O-O 8.Nh4 Bg6
9.Nxg6 hxg6 10.Qd3 Nbd7 11.e4 dxe4 12.Nxe4 Nxe4 13.Qxe4 Nf6 14.Qe2 Re8 15.Rd1 Qc7
16.Be3 Rad8 17.Rab1 Qa5 18.a3 Qh5  1/2-1/2

[Event "Open"]
[Site "Livigno ITA"]
[Date "2010.09.18"]
[Round "9"]
[White "Stella,A"]
[Black "Urosevic,G"]
[Result "1-0"]
[WhiteElo "2334"]
[BlackElo "2218"]

1.d4 d5 2.c4 c6 3.Nf3 Nf6 4.Nbd2 g6 5.e3 Bg7 6.b4 O-O 7.Be2 a5 8.b5 dxc4
9.Bxc4 cxb5 10.Bxb5 Nc6 11.O-O Bf5 12.Bxc6 bxc6 13.Ba3 Bd3 14.Re1 Nd5 15.Rc1 Bb5
16.Nc4 Nb4 17.Qd2 Re8 18.Bxb4 axb4 19.Qxb4 Rxa2 20.Nce5 Ra4 21.Qc5 Ra6 22.d5 Qxd5
23.Qxd5 cxd5 24.Rc5 Bc4 25.Nxc4 dxc4 26.Rxc4 Rea8 27.g4 Ra1 28.Rxa1 Rxa1+
29.Kg2 Ra8 30.Rc7 Re8 31.Rd7 h6 32.Nd2 Kf8 33.Ne4 Ra8 34.Rb7 Ba1 35.Kf3 Be5
36.h3 Ba1 37.h4 Be5 38.Rb5 Ba1 39.h5 g5 40.Rb7 Be5 41.Rb5 Ba1 42.Nc5 Ra7
43.Rb8+ Kg7 44.Rb7 Rxb7 45.Nxb7 Bb2 46.Nc5 e6 47.Ke4 Ba3 48.Nd7 Bc1 49.f3 f5+
50.gxf5 exf5+ 51.Kxf5 Bxe3 52.Ne5 Bc1 53.Ke6 Bb2 54.Nc6 Ba1 55.Ne7 Bb2 56.Nf5+ Kh7
57.Kf7 Bc3 58.Ne3  1-0

[Event "EYCC Boys U14"]
[Site "Batumi GEO"]
[Date "2010.09.20"]
[Round "1"]
[White "Lamard,G"]
[Black "Mezhlumyan,Marat"]
[Result "1-0"]
[WhiteElo "2186"]
[BlackElo "1802"]

1.d4 d5 2.c4 c6 3.Nf3 Nf6 4.Qc2 dxc4 5.Qxc4 Bf5 6.Nc3 e6 7.g3 Nbd7 8.Bg2 Be7
9.O-O O-O 10.Re1 Rc8 11.e4 Bg6 12.Qb3 Qb6 13.Qxb6 Nxb6 14.Ne5 Rfd8 15.Nxg6 hxg6
16.Rd1 Rd7 17.a4 a5 18.Bf1 Rcd8 19.Bf4 Bb4 20.Bg5 Be7 21.Bf4 Bb4 22.Rdb1 Nc8
23.Bg5 Be7 24.Be3 Bb4 25.f3 Re8 26.Rd1 Red8 27.Kh1 Kf8 28.Rdc1 Re8 29.Ne2 e5
30.dxe5 Rxe5 31.Bh3 Rd8 32.Rd1 Ree8 33.Bf4 Ne7 34.Bg5 Nh7 35.Be3 Nd5 36.Bg1 Ng5
37.Bg2 Nf6 38.Bb6 Rd7 39.Nf4 Rxd1+ 40.Rxd1 Ne6 41.Nxe6+ Rxe6 42.h4 Rd6 43.Rxd6 Bxd6
44.Kh2 Bb4 45.Bh3 Ke7 46.Bc8 Kd6 47.Bxb7 Nd7 48.Bd4 f6 49.Ba6 Nc5 50.Bc4 Nxa4
51.b3 Nc5 52.Kh3 Ne6 53.Bb2 Be1 54.Kg4 Ke7 55.f4 Nd8 56.e5 Nf7 57.Bd3 Nh6+
58.Kf3 Kf7 59.Bc4+ Ke7 60.Ba3+ Ke8 61.Bd3 Kf7 62.Bb2 Ng8 63.Bc4+ Kf8 64.Bxg8 Kxg8
65.exf6 gxf6 66.Bxf6 Kf7 67.Bd8 Ke8 68.Bb6 Kf7 69.Bd8 Ke8 70.Bg5 Kf7 71.g4 Bc3
72.Ke4 Ke6 73.Kd3 Bb2 74.Kc4 Kd6 75.h5 gxh5 76.gxh5 Ba1 77.Bd8  1-0

[Event "EYCC Boys U16"]
[Site "Batumi GEO"]
[Date "2010.09.21"]
[Round "2"]
[White "Kigel,D"]
[Black "Aghasaryan,R"]
[Result "1/2-1/2"]
[WhiteElo "2131"]
[BlackElo "2308"]

1.d4 d5 2.c4 c6 3.Nf3 Nf6 4.Qc2 e6 5.g3 Be7 6.Bg2 O-O 7.O-O b6 8.Ne5 Nfd7
9.Nd3 Bf6 10.cxd5 cxd5 11.e4 Bb7 12.e5 Be7 13.Be3 Nc6 14.Qa4 Na5 15.Rc1 Ba6
16.Bf1 b5 17.Qd1 Nc4 18.Qg4 Nxe3 19.fxe3 Qb6 20.Nc3 Bb7 21.b4 a6 22.a4 bxa4
23.Nxa4 Qd8 24.Nac5 Nxc5 25.Nxc5 Bxc5 26.bxc5 Qd7 27.Bd3 a5 28.Qe2 Bc6 29.Qc2 g6
30.Rcb1 a4 31.Rb6 Rfb8 32.Qb2  1/2-1/2

[Event "EYCC Boys U18"]
[Site "Batumi GEO"]
[Date "2010.09.23"]
[Round "4"]
[White "Raznikov,D"]
[Black "Bogdanovich,S"]
[Result "0-1"]
[WhiteElo "2354"]
[BlackElo "2464"]

1.d4 d5 2.c4 c6 3.Nf3 dxc4 4.e3 Be6 5.Qc2 Nf6 6.Bxc4 Bxc4 7.Qxc4 Qa5+ 8.Nbd2 Qa6
9.b3 e6 10.Bb2 c5 11.O-O Qxc4 12.Nxc4 Na6 13.Rfd1 Be7 14.dxc5 Nxc5 15.Rac1 O-O
16.Nfe5 Rfd8 17.Kf1 Nd5 18.Ba3 Rac8 19.Na5  0-1

[Event "EYCC Boys U18"]
[Site "Batumi GEO"]
[Date "2010.09.23"]
[Round "5"]
[White "Stanciu,Al"]
[Black "Raznikov,D"]
[Result "0-1"]
[WhiteElo "2280"]
[BlackElo "2354"]

1.d4 d5 2.c4 c6 3.Nf3 Nf6 4.Qc2 g6 5.Bf4 Bg7 6.e3 O-O 7.Nc3 c5 8.dxc5 Qa5
9.Rc1 Nc6 10.Qa4 Qxc5 11.Qb5 Qxb5 12.cxb5 Na5 13.h3 Bd7 14.Ne5 Rfc8 15.g4 Be8
16.Bd3 Nd7 17.Nxd7 Bxd7 18.Ke2 e6 19.Bd6 Nc4 20.Bxc4 Rxc4 21.b6 axb6 22.a3 Rac8
23.Bb4 g5 24.Kd2 d4 25.Ne2 dxe3+ 26.Kxe3 Rxc1 27.Rxc1 Rxc1 28.Nxc1 Bxb2 29.Nd3 Bf6
30.f3 Bc6 31.Bd6 Bd8 32.Nf2 f6 33.f4 h6 34.fxg5 hxg5 35.Nd3 Bg2 36.Nf2 Kf7
37.Bg3 Be7 38.a4 Bc6 39.h4 gxh4 40.Bxh4 Bxa4 41.Bg3 Bc5+ 42.Kd3 Bc6 43.Ne4 Bxe4+
44.Kxe4 Kg6  0-1

[Event "EYCC Boys U14"]
[Site "Batumi GEO"]
[Date "2010.09.24"]
[Round "6"]
[White "Zaynutdinov,I"]
[Black "Burcu,C"]
[Result "1/2-1/2"]
[WhiteElo "2045"]
[BlackElo "1878"]

1.d4 d5 2.c4 c6 3.Nf3 Nf6 4.Qc2 e6 5.Bg5 Be7 6.e3 Nbd7 7.cxd5 exd5 8.Nc3 O-O
9.Bd3 Re8 10.O-O Nf8 11.Ne5 Ng6 12.f4 Qd6 13.Rae1 c5 14.Bxf6 Bxf6 15.Nb5 Qe7
16.Nxg6 hxg6 17.Qxc5 Qxc5 18.dxc5 Re7 19.Nd4 Rxe3 20.Nb5 Rxe1 21.Rxe1 Bd7
22.b4 Bxb5 23.Bxb5 Bc3 24.Rb1 b6 25.cxb6 axb6 26.a4 d4 27.Kf2 Kf8 28.Kf3 Ke7
29.Ke4 Kd6 30.Kd3 Rh8 31.h3 Rh4 32.Rf1 Bxb4 33.Kxd4 g5 34.Ke4 Rxf4+ 35.Rxf4 gxf4
36.Kxf4  1/2-1/2

[Event "39th Olympiad Women"]
[Site "Khanty-Mansiysk RUS"]
[Date "2010.09.29"]
[Round "8"]
[White "Nguyen Thi Thanh An"]
[Black "Docena,J"]
[Result "1-0"]
[WhiteElo "2306"]
[BlackElo "2033"]

1.d4 d5 2.Nf3 Nf6 3.c4 c6 4.Qc2 dxc4 5.Qxc4 Bg4 6.Nbd2 Nbd7 7.e3 e6 8.Be2 Bd6
9.Qb3 Rb8 10.h3 Bf5 11.Nh4 O-O 12.Nxf5 exf5 13.O-O Re8 14.Qc2 g6 15.b3 Qe7
16.Nc4 Bc7 17.Ba3 Qe6 18.Rfe1 Nd5 19.Bf3 N7f6 20.Bb2 Ne4 21.a3 f6 22.Rac1 Rbc8
23.h4 h6 24.Nd2 Re7 25.Nf1 g5 26.h5 g4 27.Be2 Qf7 28.f3 Ng3 29.fxg4 Nxf1
30.Bxf1 fxg4 31.Qf5 Qe6 32.Bd3 Qxf5 33.Bxf5 Rce8 34.e4 Nf4 35.Rcd1 g3 36.Re3 Rg7
37.Rf3 Nxh5 38.Bc1 Rd8 39.Be6+ Kh7 40.Bf5+ Kh8 41.Bxh6 Re7 42.Bg6 Ng7 43.Rxf6 Be5
44.Rff1 Red7 45.d5 Ne6 46.Rf5 Bd4+ 47.Kf1 Bf2 48.Rh5 Kg8 49.Bf5 Re8 50.Rb1 cxd5
51.exd5 Rxd5 52.Bxe6+ Rxe6 53.Rxd5 Rxh6 54.Rbd1 Rf6 55.Rd8+ Kg7 56.R1d7+ Kg6
57.Rd6 Bc5+ 58.Rxf6+ Kxf6 59.b4 Be3 60.Rd7 b5 61.Ke2 Bc1 62.Rxa7 Ke5 63.Kd3 Kd5
64.Ra5 Kc6 65.a4  1-0

[Event "21st Open"]
[Site "Goch GER"]
[Date "2010.09.30"]
[Round "1.38"]
[White "Bakshi,Ra"]
[Black "Krebbers,W"]
[Result "0-1"]
[WhiteElo "1816"]
[BlackElo "2116"]

1.Nf3 Nf6 2.c4 c6 3.g3 d5 4.d4 g6 5.Bg2 Bg7 6.Nc3 O-O 7.c5 Bg4 8.Ne5 Nbd7
9.Nxg4 Nxg4 10.e4 Ngf6 11.exd5 cxd5 12.Nxd5 Nxd5 13.Bxd5 Qa5+ 14.Bd2 Qb5
15.Bc3 e5 16.a4 Qa6 17.b4 exd4 18.Bxd4 Rfe8+ 19.Be3 Bc3+ 20.Qd2 Bxd2+ 21.Kxd2 Rad8
22.b5 Qa5+ 23.Ke2 Nxc5 24.Rhd1 Nxa4 25.Bxb7 Rxd1 26.Rxd1  0-1

[Event "39th Olympiad Women"]
[Site "Khanty-Mansiysk RUS"]
[Date "2010.09.30"]
[Round "9"]
[White "Cordero,D"]
[Black "Perena,C"]
[Result "0-1"]
[WhiteElo "2055"]
[BlackElo "2103"]

1.d4 d5 2.Nf3 Nf6 3.c4 c6 4.Qc2 g6 5.Nc3 Bg7 6.Bf4 O-O 7.e3 Qa5 8.Bd3 dxc4
9.Bxc4 b5 10.Bb3 Ba6 11.O-O Nbd7 12.Ne4 b4 13.Rfc1 Rac8 14.a3 Nd5 15.axb4 Qb5
16.Bxd5 cxd5 17.Nc5 Nxc5 18.bxc5 Rc6 19.Qa4 Qb7 20.b4 Ra8 21.Nd2 Bb5 22.Qb3 Qd7
23.Ra5 a6 24.Qa2 Re8 25.Ra3 Qf5 26.Qb2 h5 27.Qc2 Qd7 28.Nb3 Rec8 29.Na5 Rf6
30.Be5 Re6 31.Bxg7 Kxg7 32.f3 h4 33.Qf2 Rh8 34.Re1 f5 35.Ra2 g5 36.h3 g4
37.fxg4 fxg4 38.hxg4 h3 39.g3 h2+ 40.Kh1 Bd3 41.Qf4 Be4+ 42.Rg2 Rf6 43.Qe5 Qxg4  0-1

[Event "21st Open"]
[Site "Goch GER"]
[Date "2010.10.02"]
[Round "4.21"]
[White "Busch,C"]
[Black "Versteeg,C"]
[Result "1-0"]
[WhiteElo "2121"]
[BlackElo "1986"]

1.d4 Nf6 2.Nf3 d5 3.c4 c6 4.g3 g6 5.b3 Bg7 6.Bb2 O-O 7.Bg2 Bf5 8.O-O Nbd7
9.Nbd2 a5 10.Nh4 Be6 11.Qc2 Nh5 12.e4 Nb6 13.exd5 cxd5 14.c5 Nd7 15.a3 Nb8
16.Bc3 Nc6 17.Qb2 b5 18.b4 a4 19.Rfe1 Qd7 20.Nf1 Rab8 21.Ne3 Rfd8 22.Rad1 Bf6
23.Nf3 Bh3 24.Bh1 Bg4 25.Nxg4 Qxg4 26.Bg2 Qd7 27.Bd2 Ng7 28.Bf4 Rb7 29.Qc1 Nh5
30.Be5 Kg7 31.h3 Kg8 32.g4 Bxe5 33.Nxe5 Nxe5 34.dxe5  1-0

[Event "H E Atkins Memorial Open"]
[Site "Leicester ENG"]
[Date "2010.10.02"]
[Round "3"]
[White "Mladenov,I"]
[Black "Jaszkiwskyj,P"]
[Result "1/2-1/2"]
[WhiteElo "2210"]
[BlackElo "1952"]

1.d4 d5 2.Nf3 Nf6 3.c4 c6 4.g3 Bf5 5.Qb3 Qb6 6.Nc3 e6 7.c5 Qxb3 8.axb3 Be7
9.b4 O-O 10.b5 cxb5 11.Nxb5 Nc6 12.Bf4 Be4 13.Ra4 Bc2 14.Ra1 Be4 15.Ra4 Bc2
16.Ra1  1/2-1/2

[Event "39th Olympiad Women"]
[Site "Khanty-Mansiysk RUS"]
[Date "2010.10.03"]
[Round "11"]
[White "Cori T.,D"]
[Black "Chirivi C,Y"]
[Result "1-0"]
[WhiteElo "2368"]
[BlackElo "2227"]

1.d4 d5 2.Nf3 Nf6 3.c4 c6 4.Qb3 dxc4 5.Qxc4 Bf5 6.g3 e6 7.Bg2 Be7 8.O-O O-O
9.Nc3 Nbd7 10.Re1 Ne4 11.Qb3 Qb6 12.Nh4 Bxh4 13.gxh4 Ndf6 14.f3 Qxd4+ 15.e3 Qe5
16.fxe4 Ng4 17.h3 Qg3 18.Qd1 Nf2 19.Qf3 Nxe4 20.Qxg3 Nxg3 21.e4 Bg6 22.Bf4 Nh5
23.Bd6 Rfd8 24.Rad1 f6 25.e5 f5 26.Rd4 Be8 27.Red1 g6 28.Bf3 Ng7 29.Be7 Rxd4
30.Rxd4 Kf7 31.Bf6 Rc8 32.Rd6 Nh5 33.Bxh5 gxh5 34.Ne2 c5 35.Nf4 Bb5 36.Nxe6 h6
37.Nd8+ Kf8 38.Nxb7 c4 39.e6 Be8 40.Rd8 Rxd8 41.Bxd8  1-0

[Event "Karen Asrian Memorial"]
[Site "Jermuk ARM"]
[Date "2010.10.07"]
[Round "3"]
[White "Vrublevskaya,O"]
[Black "Guramishvili,S"]
[Result "0-1"]
[WhiteElo "2129"]
[BlackElo "2343"]

1.d4 d5 2.c4 c6 3.Nf3 Nf6 4.Qb3 dxc4 5.Qxc4 Bf5 6.g3 e6 7.Bg2 Be7 8.O-O O-O
9.e3 Nbd7 10.Rd1 Rc8 11.Qe2 Qc7 12.Nc3 Ne4 13.Ne1 Nxc3 14.bxc3 c5 15.e4 Bg6
16.Bf4 Qa5 17.h4 h6 18.h5 Bh7 19.d5 exd5 20.Bxh6 gxh6 21.Qg4+ Bg5 22.Qxd7 dxe4
23.Qxb7 e3 24.Nf3 exf2+ 25.Kxf2 Rb8 26.Qd7 Rb2+ 27.Kg1 Qxc3 28.Qc6 Qe3+ 29.Kh1 Be4  0-1

[Event "Tatry Open"]
[Site "Tatranske Zruby CZE"]
[Date "2010.10.07"]
[Round "7"]
[White "Zambor,N"]
[Black "Kvassay,P"]
[Result "1/2-1/2"]
[WhiteElo "2281"]
[BlackElo "2008"]

1.d4 d5 2.c4 c6 3.Nf3 Nf6 4.Qc2 e6 5.g3 Be7 6.Bg2 O-O 7.O-O Nbd7 8.Rd1 b6
9.Nbd2 Bb7 10.e4 Nxe4 11.Nxe4 dxe4 12.Qxe4 Qc7 13.Qc2 c5 14.Bf4 Qc8 15.d5 exd5
16.cxd5 Qd8 17.h4 Bf6 18.Ng5 g6 19.Ne4 Bg7 20.Nd6 Ba6 21.Qa4 Ne5 22.Nf5 Qd7
23.Qxa6 Qxf5 24.d6 Rad8 25.Rd5 Rd7 26.Qe2 Re8 27.Rad1 Qg4 28.Qxg4 Nxg4 29.Rg5 Ne5
30.Bxe5 Rxe5 31.Bc6 Rd8 32.b3 f5 33.f4 Re3 34.d7 Bf6 35.Kf2 Re7 36.Rd5 Bxg5
37.hxg5 Kf8 38.Rd6 Kg7 39.a4 h6 40.gxh6+ Kxh6 41.Kf3 Kg7 42.Bb5 Rf7 43.a5 Rf6
44.Rd5 Re6 45.axb6 axb6 46.g4 fxg4+ 47.Kxg4 Kf6 48.Bc4 Ke7 49.Bb5 Rd6 50.Rxd6 Kxd6
51.Kg5 Rxd7 52.Bxd7 Kxd7 53.Kxg6 b5 54.f5 c4 55.bxc4  1/2-1/2

[Event "TCh-BEL 2010-11"]
[Site "Belgium BEL"]
[Date "2010.10.10"]
[Round "2.1"]
[White "Wemmers,X"]
[Black "Geenen,M"]
[Result "1-0"]
[WhiteElo "2425"]
[BlackElo "2300"]

1.d4 d5 2.c4 c6 3.Nf3 Nf6 4.Qc2 g6 5.Bf4 Bg7 6.e3 O-O 7.Nbd2 Qa5 8.Bd3 c5
9.O-O cxd4 10.Nb3 Qd8 11.Nbxd4 Na6 12.Be2 Nh5 13.Bg5 h6 14.Bh4 g5 15.Nd2 Nf4
16.exf4 gxh4 17.Nf5 Nb4 18.Qb1 Bxf5 19.Qxf5 e6 20.Qg4 Qf6 21.Rab1 Nxa2 22.cxd5 exd5
23.Nf3 Rfe8 24.Ne5 Nb4 25.Bf3 Nc6 26.Bxd5 Nxe5 27.fxe5 Qxe5 28.Bxb7 Rab8
29.Bc6 Re6 30.Bf3 Rxb2 31.Rxb2 Qxb2 32.Bd5 Re7 33.Qxh4 Qe5 34.g3 Rc7 35.Qd8+ Bf8
36.Bb3 Rc3 37.Bd5 Qd6 38.Qa8 Qc7 39.Kg2 Kg7 40.Rb1 Qd6 41.Rd1 Qb6 42.Qe8 Rc7
43.Qe5+ Kg8 44.Rd4 h5 45.Rh4 Qd6 46.Qxh5 Bg7 47.Rf4 Qf8 48.Rg4 Qe7 49.Re4 Qd8
50.Bb3 Qa8 51.Bd5 Qd8 52.h3 a5 53.Kh2 Re7 54.Rf4 Qc7 55.Qf5 Qd7 56.Qg5 Qc7
57.Rc4 Qd7 58.Rg4  1-0

[Event "TCh-HUN 2010-11"]
[Site "Budapest HUN"]
[Date "2010.10.10"]
[Round "1"]
[White "Bacso,G"]
[Black "Varga,Me"]
[Result "0-1"]
[WhiteElo "2156"]
[BlackElo "1989"]

1.d4 d5 2.Nf3 Nf6 3.c4 c6 4.Qb3 g6 5.g3 Bg7 6.Bg2 O-O 7.O-O Ne4 8.Nc3 dxc4
9.Qxc4 Nxc3 10.Qxc3 Bg4 11.e3 Bxf3 12.Bxf3 e5 13.Qb3 Qe7 14.dxe5 Bxe5 15.Bd2 Na6
16.Rac1 Rfd8 17.Bc3 Nc5 18.Qa3 Bd6 19.Bb4 Nd3 20.Bxd6 Rxd6 21.Rcd1 Qd7 22.Be2 Rd8
23.Qxa7 Nxb2 24.Rxd6 Qxd6 25.Qxb7 Qd2 26.Bf3 c5 27.Rb1 Nd3 28.Rf1 Ne1 29.Be4 c4
30.Qb1 Nd3 31.Bxd3 Rxd3 32.a4 c3 33.Qb8+ Rd8 34.Qc7 c2 35.Kg2 Qd1 36.Re1 Qd5+
37.Kg1 Qd2 38.Kg2 Qd5+ 39.Kg1 Qd1 40.Kg2 Rd7 41.Qc8+ Rd8 42.Qc7 Ra8 43.Qc3 Rxa4
44.Qc8+ Kg7 45.Qc3+ Kh6 46.h4 Qd5+ 47.Kh2 Rc4 48.Qa3 Qf3 49.Rf1 Rc8 50.Qc1 Qe2
51.Kg1 Rd8 52.e4+ Kg7 53.Qb2+ Kg8  0-1

[Event "Karen Asrian Memorial"]
[Site "Jermuk ARM"]
[Date "2010.10.10"]
[Round "6"]
[White "Maghalashvili,Da"]
[Black "Mnatsakanian,E"]
[Result "1-0"]
[WhiteElo "2455"]
[BlackElo "2256"]

1.d4 d5 2.c4 c6 3.Nf3 Nf6 4.Qb3 dxc4 5.Qxc4 Bf5 6.g3 Qd5 7.Qb4 c5 8.Qxc5 Qxc5
9.dxc5 e6 10.Nc3 Bxc5 11.Bg2 Nc6 12.Nh4 Bg6 13.O-O Rc8 14.Nxg6 hxg6 15.Bf4 Ke7
16.Rac1 Rhd8 17.Bg5 Kf8 18.a3 Nd4 19.Bxb7 Rb8 20.Ba6 Nb3 21.Rcd1 Bd4 22.Na4 Bxf2+
23.Kxf2 Ne4+ 24.Ke3 Nxg5 25.h4 Nh7 26.Bc4 Rxd1 27.Rxd1 Nf6 28.Rd6 Rb7 29.Ra6 e5
30.Kd3 Nd4 31.e4 Nd7 32.b4 Rc7 33.Nc3 Nb6 34.Nd5 Nxd5 35.exd5 f5 36.Rxg6 Nf3
37.Rc6 Rxc6 38.dxc6 Ke7 39.b5 Kd6 40.a4 Nd4 41.Bg8 Nf3 42.a5 Ne1+ 43.Kc3 Nf3
44.Bd5 Nd4 45.Kc4 Nc2 46.Bf7 Na3+ 47.Kb4 Nc2+ 48.Kb3 Ne3 49.Kc3 Nd1+ 50.Kd2 Nf2
51.b6 axb6 52.a6 Ne4+ 53.Ke1  1-0

[Event "TCh-HUN 2010-11"]
[Site "Kazincbarcika HUN"]
[Date "2010.10.10"]
[Round "1"]
[White "Dovzik,J"]
[Black "Seres,L"]
[Result "1/2-1/2"]
[WhiteElo "2380"]
[BlackElo "2461"]

1.d4 d5 2.c4 c6 3.Nf3 Nf6 4.Qb3 dxc4 5.Qxc4 Bf5 6.g3 e6 7.Bg2 Be7 8.O-O O-O
9.e3 Nbd7 10.Qe2 Qb6 11.Nc3 Bg4 12.h3 Bxf3 13.Qxf3 Rad8 14.Rd1 e5 15.Rb1 Qc7
16.Qe2 exd4 17.Rxd4 Nc5 18.Rxd8 Rxd8 19.Bd2 Nd3 20.Ne4 Nxe4 21.Bxe4 Nc5 22.Bg2 Bf6
23.b3 Rd7 24.Be1 Nd3 25.Rd1 Nxe1 26.Qxe1 Rxd1 27.Qxd1 Qd8 28.Qxd8+ Bxd8 29.Kf1 Kf8
30.Ke2 Ke7 31.Kd3 Kd6  1/2-1/2

[Event "Karen Asrian Memorial"]
[Site "Jermuk ARM"]
[Date "2010.10.12"]
[Round "8"]
[White "Kalashian,D"]
[Black "Gvetadze,Sopi"]
[Result "1-0"]
[WhiteElo "2441"]
[BlackElo "2352"]

1.d4 d5 2.Nf3 Nf6 3.c4 c6 4.Qc2 dxc4 5.Qxc4 Bf5 6.Nc3 e6 7.g3 Nbd7 8.Bg2 Be7
9.O-O O-O 10.Qb3 Qb6 11.Re1 Qxb3 12.axb3 Bb4 13.Bf4 Bc2 14.Rec1 Bg6 15.Bd2 Rfd8
16.e3 a6 17.Na4 Bxd2 18.Nxd2 e5 19.Nf3 exd4 20.Nxd4 Be4 21.f3 Bd3 22.Rd1 Bb5
23.e4 g6 24.Nc3 Nb6 25.Bh3 h5 26.e5 Nfd5 27.Ne4 Ne3 28.Rd2 Nbd5 29.Kf2 b6
30.Re1 c5 31.Nxb5 axb5 32.Nd6 b4 33.Rxe3 Nxe3 34.Kxe3 Ra1 35.f4 b5 36.Bg2 Re1+
37.Kf2 Rc1 38.Bd5 Kg7 39.Bxf7 Ra8 40.e6 Ra7 41.Re2 Rd1 42.e7 Rxd6 43.e8=Q Rxf7
44.Re7 Rf6 45.Rxf7+ Rxf7 46.Qe5+ Kh7 47.Qxc5 Rf5 48.Qxb4  1-0

[Event "Winterthurer Schachwoche"]
[Site "Winterthur SUI"]
[Date "2010.10.15"]
[Round "8"]
[White "Kelecevic,N"]
[Black "Rosenthal,Jon"]
[Result "1/2-1/2"]
[WhiteElo "2299"]
[BlackElo "2282"]

1.d4 Nf6 2.c4 c6 3.Nf3 d5 4.Qc2 dxc4 5.Qxc4 Bf5 6.g3 Nbd7 7.Bg2 e6 8.O-O Be7
9.e3 O-O 10.Qe2 Rc8 11.Nc3 Ne4 12.Nd2 Nxd2 13.Bxd2 Nf6 14.e4 Bg4 15.f3 Bh5
16.Be3 Qa5 17.a3 Rfd8 18.Rfd1 c5 19.dxc5 Bxc5 20.Bxc5 Qxc5+ 21.Qf2 Qxf2+
22.Kxf2 Bg6 23.Ke3 Nd7 24.Bf1  1/2-1/2

[Event "32nd Open"]
[Site "Arco ITA"]
[Date "2010.10.19"]
[Round "4"]
[White "Grinza,A"]
[Black "Bonagura,S"]
[Result "1/2-1/2"]
[WhiteElo "2239"]
[BlackElo "2130"]

1.d4 d5 2.c4 c6 3.Nf3 Nf6 4.Qc2 dxc4 5.Qxc4 Bf5 6.Nc3 e6 7.Nh4 Bg6 8.Nxg6 hxg6
9.e4 Nbd7 10.Be2 Be7 11.Be3 Rc8 12.Rd1 b5 13.Qd3 b4 14.e5 bxc3 15.exf6 Nxf6
16.bxc3 Nd5 17.O-O Bd6 18.g3 g5 19.c4 Nf4 20.Bxf4 gxf4 21.d5 fxg3 22.fxg3 cxd5
23.cxd5 O-O 24.dxe6 Bc5+ 25.Kg2 Qxd3 26.exf7+ Rxf7 27.Bxd3 Rxf1 28.Rxf1 Rf8
29.Rc1 Be3 30.Rc2 g5 31.Re2 Bd4 32.Re6 Rf6 33.Re4 Bb6 34.Rg4 Rf2+ 35.Kh1 Be3
36.h4 Kg7 37.Re4 Rf3 38.Kg2 Rf2+ 39.Kh3 Bc1 40.Re7+ Rf7 41.Re1 Bd2 42.Re2 Bc1
43.h5 Rf3 44.Bg6 Bf4 45.Rg2 Ra3 46.Kg4 Bc7 47.Be4 Kh6 48.Bf3 Ra4+ 49.Kf5 Ra3
50.Kg4 Ra4+ 51.Kh3 Ra3 52.Bd1 Rd3 53.Bc2 Rc3 54.Bg6 Kg7 55.Kg4 Kh6 56.Bf7 Kg7
57.Bg6 Kh6 58.Be4 Rc4 59.Kf5 Rc5+ 60.Kf6 g4 61.Bf5 Bd8+ 62.Ke6 Kxh5 63.Rh2+ Kg5
64.Rh8 Rc6+ 65.Kd5 Rc1 66.Bd7 Rd1+ 67.Kc6 Rc1+ 68.Kb5 Bc7 69.Rg8+ Kf6 70.Rxg4 Rc3
71.a4 Rxg3 72.Re4 Rg5+ 73.Kc6 Bb6 74.Re6+ Kf7 75.Re2 Kf6 76.Kd6 Bc5+ 77.Kc6 Bb6
78.Kb7 Re5  1/2-1/2

[Event "32nd Open"]
[Site "Arco ITA"]
[Date "2010.10.20"]
[Round "5"]
[White "Leutwyler,M"]
[Black "Varadi,B"]
[Result "1/2-1/2"]
[WhiteElo "2168"]
[BlackElo "1950"]

1.d4 d5 2.Nf3 Nf6 3.c4 c6 4.Qc2 dxc4 5.Qxc4 Bf5 6.Nc3 e6 7.g3 Nbd7 8.Bg2 Be7
9.O-O O-O 10.Bg5 h6 11.Bxf6 Nxf6 12.e3 Ne4 13.Rfd1 Qb6 14.Ne5 Nf6 15.Qe2 Rfd8
16.Rac1 Rac8 17.a3 Bh7 18.b4 Nd5 19.Na4 Qc7 20.Nc5 b6 21.Nb3 Qb7 22.e4 Nf6
23.Rc3 c5 24.bxc5 bxc5 25.Nxc5 Bxc5 26.dxc5 Rxd1+ 27.Qxd1 Bxe4 28.c6 Qb2
29.Qc1 Qxc1+ 30.Rxc1 Bxg2 31.Kxg2 Nd5 32.Rc5 f6 33.Nc4 Ne7 34.Na5 e5 35.Kf3 Kf7
36.Nb7 Ke6 37.c7 Kd7 38.Nd8 Rxc7 39.Ke4  1/2-1/2

[Event "Spartak GM"]
[Site "Subotica SRB"]
[Date "2010.10.25"]
[Round "4"]
[White "Kosic,D"]
[Black "Mrkonjic,N"]
[Result "1-0"]
[WhiteElo "2481"]
[BlackElo "2394"]

1.d4 d5 2.Nf3 Nf6 3.c4 c6 4.Nbd2 Bf5 5.Nh4 Bg6 6.Nxg6 hxg6 7.e3 e6 8.a3 Nbd7
9.Be2 a6 10.g3 Be7 11.O-O O-O 12.b3 Qc7 13.Bb2 Rfc8 14.Rc1 Qd8 15.Bf3 b5
16.Rc2 a5 17.c5 Qc7 18.Bg2 Nh7 19.e4 dxe4 20.Nxe4 Ndf6 21.Nd2 a4 22.b4 Nd5
23.Nf3 Re8 24.Re1 Rad8 25.Rce2 Bf6 26.Qc2 Rd7 27.h4 Red8 28.Qe4 Nf8 29.Rd1 Re8
30.Rd3 Rdd8 31.Bc1 Qb8 32.g4 Rc8 33.Ne5 Qc7 34.Rh3 Bxe5 35.dxe5 Red8 36.Rd3 Rd7
37.Red2 Qd8 38.h5 Qe7 39.Rg3 g5 40.Rdd3 Rcd8 41.Bf1 Nh7 42.Rgf3 Nf8 43.Qe1 Nh7
44.Bd2 f6 45.Rd4 fxe5 46.Qxe5 Ndf6 47.Rxd7 Rxd7 48.Bxg5 Nxg5 49.Qxg5 Rd5
50.Qh4 Rd4 51.Bh3 Qd8 52.Qg5 Qd5 53.Qxd5 Nxd5 54.g5 Nf4 55.Kh2 Kf7 56.Bg4 e5
57.Kg3 Ke7 58.Re3 Rd3 59.Bf3  1-0

[Event "Spartak IM"]
[Site "Subotica"]
[Date "2010.10.26"]
[Round "5"]
[White "Dumpor,A"]
[Black "Cabarkapa,N"]
[Result "1-0"]
[WhiteElo "2391"]
[BlackElo "2130"]

1.d4 d5 2.Nf3 Nf6 3.c4 c6 4.Qc2 Bg4 5.Nbd2 e6 6.e3 Bd6 7.Bd3 O-O 8.c5 Bc7
9.b4 Nbd7 10.Bb2 Qb8 11.h3 Bxf3 12.gxf3 e5 13.O-O-O exd4 14.Bxd4 Be5 15.Nb3 b6
16.Bf5 a5 17.Bxd7 Nxd7 18.Qf5 bxc5 19.bxc5 a4 20.Na1 Bxd4 21.exd4 Nf6 22.Rhg1 Qd8
23.Nc2 Re8 24.Nb4 Re6 25.Rde1 Rxe1+ 26.Rxe1 Qa5 27.a3 Qb5 28.Kd2 h6 29.h4 Rb8
30.Qf4 Rb7 31.Qf5 Rb8 32.Qd3 Qb7 33.Kc2 Ra8 34.Re5 Nd7 35.Re7 Kf8 36.Qe2 Qc8
37.f4 Rb8 38.f3 Rb7 39.Re3 Ra7 40.Kc3 Nf6 41.Re5 Nd7 42.Re7 Rb7 43.Re3 Nb8
44.Qc2 g6 45.Qxa4 Qf5 46.Qa8 Rb5 47.Qa7 Nd7 48.Qc7 Qb1 49.Qxd7 Rxb4 50.Qe7+ Kg7
51.axb4 Qc1+ 52.Kb3 Qd1+ 53.Ka2 Qa4+ 54.Kb2 Qxb4+ 55.Kc2 Qc4+ 56.Kd2 Qxd4+
57.Ke1 Qa1+ 58.Kf2 Qh1 59.Re1 Qh2+ 60.Ke3 d4+ 61.Kd3 Qf2 62.Qe4 Qa2 63.Qxd4+ Kh7
64.Re8 g5 65.fxg5 Qb3+ 66.Ke2 Qc2+ 67.Kf1 Qd1+ 68.Qxd1  1-0

[Event "Chigorin Mem Classic Open"]
[Site "St Petersburg RUS"]
[Date "2010.10.28"]
[Round "1"]
[White "Mishuchkov,N"]
[Black "Shilnikov,I"]
[Result "1-0"]
[WhiteElo "2373"]
[BlackElo "1905"]

1.Nf3 d5 2.d4 Nf6 3.c4 c6 4.Qb3 Nbd7 5.cxd5 cxd5 6.Nc3 e6 7.Bf4 Nh5 8.Bd2 a6
9.Rc1 f5 10.Na4 Bd6 11.Bb4 Qe7 12.Bxd6 Qxd6 13.e3 Nhf6 14.Bd3 b5 15.Nc5 O-O
16.O-O Nb6 17.Qc2 Ne4 18.b3 Nf6 19.Ne5 g5 20.a4 bxa4 21.bxa4 Nbd7 22.Ncxd7 Bxd7
23.Nxd7 Qxd7 24.Qc6 Qf7 25.Bxa6 Rae8 26.Bd3 Ng4 27.h3 Nf6 28.f3 Qh5 29.Qd6 Qh6
30.Bb5 g4 31.Qf4 Qxf4 32.exf4 Re7 33.hxg4 fxg4 34.fxg4 Nxg4 35.Rce1 Rf5 36.a5 Rff7
37.a6  1-0